Verdad a medias /

Se sostiene que el Informe de la Verdad, presentado por la representación de las Naciones Unidas, solamente llegó a ser una verdad a medias, que aún queda mucho por decir, "mucha tela por cortar". La impunidad sigue prevaleciendo como sistema en El Salvador, allí detrás de ese "monstr...

תיאור מלא

שמור ב:
מידע ביבליוגרפי
מחבר ראשי: Ortego, Enrique (Autor)
פורמט: Texto
שפה:Spanish
נושאים:
תגים: הוספת תג
אין תגיות, היה/י הראשונ/ה לתייג את הרשומה!

MARC

LEADER 00000 a a2200000 04500
003 cru CIDCACS/IIS
005 20230123103843.0
008 230123b |||||||| |||| 00| 0 spa d
040 |c cru CIDCACS/IIS 
100 1 |9 10885  |a Ortego, Enrique  |e Autor 
245 1 |a Verdad a medias /  |c Enrique Ortego 
300 |a páginas 13-14 :  |b ilustraciones 
500 |a Colección Centroamérica 
520 |a Se sostiene que el Informe de la Verdad, presentado por la representación de las Naciones Unidas, solamente llegó a ser una verdad a medias, que aún queda mucho por decir, "mucha tela por cortar". La impunidad sigue prevaleciendo como sistema en El Salvador, allí detrás de ese "monstruo", se esconden los sicarios, protegidos por los poderosos políticos que manejan El Salvador a su antojo. Se ahonda en casos específicos como el de Francisco Véliz y Heleno Castro, ambos pertenecientes a la Directiva del Frente Farabundo Martí para la Liberación Nacional (FMLN) y de amenazas que han recibido representantes de la "izquierda", hacen pensar que los denominados "escuadrones de la muerte", continúan funcionando como en el pasado. El Informe, no entró en muchos detalles de sus descubrimientos de las estructuras de los escuadrones y las esferas de poder que los activan. Muchos conocedores que sabían de la información manejada por la Comisión de la Verdad, se sintieron decepcionados por el Informe. Por otra parte se brinda extractos de la declaración de un ex-teniente de la Guardia Nacional, Rodolfo López Sibrián, uno de los pocos militares que no fue protegido por la ley de impunidad, quien habló de importantes políticos ligados a los escuadrones, entre ellos Armando Calderón Sol, Eusebio Argueta, Ricardo Valdivieso, entre otros. Se agrega que la Comisión de la Verdad conocía toda esta información, únicamente que negoció con el gobierno para que no se diera a conocer, sobre todo en tiempo de campaña electoral; pero sin dua quedó mucho por decir sobre los escuadrones de la muerte y sus miembros. OB/LOB 
650 0 |a FUERZAS ARMADAS  |9 70 
650 4 |a MILITARISMO  |9 1934 
650 4 |a PODER POLITICO  |9 1918 
650 0 |a CORRUPCION  |9 1035 
650 0 |a IDEOLOGIAS  |9 1428 
650 0 |a PARTICIPACION SOCIAL  |9 2125 
650 0 |a CLASES SOCIALES  |9 24 
650 4 |a PODER POLITICO  |9 1918 
650 0 |a PROBLEMAS SOCIALES  |9 839 
650 0 |a VIOLENCIA  |9 133 
650 0 |a DERECHOS HUMANOS  |9 38 
650 4 |a GUERRA CIVIL  |9 1937 
650 7 |a ORGANIZACIONES REVOLUCIONARIAS  |9 8729 
651 4 |9 1928  |a EL SALVADOR 
773 |g número 109 -110; páginas 5-7  
773 0 |0 43109  |9 7803  |a Coordinadora Regional de Investigaciones Económicas y Sociales  |d Managua, Nicaragua: CRIES, 1982-  |o 22386  |t Pensamiento Propio / 
942 |2 ddc  |c PP 
999 |c 44684  |d 44684